| 000 | 01194nam a22003257a 4500 | ||
|---|---|---|---|
| 001 | 000041814 | ||
| 003 | CHAP | ||
| 005 | 20220329135710.0 | ||
| 008 | 971013s1973 r 00010 d | ||
| 010 | _a40756 | ||
| 011 | _a41728 | ||
| 035 | _a45854 | ||
| 040 | _cCHAP | ||
| 090 | _aFolleto 8278 | ||
| 110 | 2 |
_aENA. Departamento de Irrigación _936698 |
|
| 245 | 1 | 0 | _aProyecto de colaboración técnica entre la Agencia de Cooperación Técnica de Ultramar (OTCA) del gobierno del Japón y la Unidad de Enseñanza e Investigación en Irrigación de la Escuela Nacional de Agricultura, de la Secretaría de Agricultura y G. |
| 260 |
_aChapingo, Méx. : _bENA, _c1973. |
||
| 300 | _a21 h. | ||
| 590 |
_aBATCH-UPD _b10 _c20130110 _lUCH01 _h1617 |
||
| 590 |
_aBATCH-UPD _b10 _c20130410 _lUCH01 _h1011 |
||
| 590 |
_aBATCH-UPD _b10 _c20130914 _lUCH01 _h1048 |
||
| 590 |
_aCONVERSION _b10 _c20130109 _lUCH01 _h1322 |
||
| 590 |
_aE5995AHE _b05 _c20150209 _lUCH01 _h1149 |
||
| 650 | 1 | 4 |
_aCooperación agrícola internacional. _927767 |
| 650 | 1 | 4 |
_aIrrigación _xEstudio y enseñanza. _960409 |
| 901 | _aBK | ||
| 942 | _cFOLL | ||
| 942 | _n0 | ||
| 949 |
_aFolleto 8278 _bBC _cUACH _d-104639 _eUACH _i45854 _si |
||
| 999 |
_c40756 _d40756 |
||